000
00313nam a2200121Ia 4500
005
20251222143211.0
008
251222s9999||||xx |||||||||||||| ||spa||
082
_a
708.44/M26
100
_a
Vial, Marie-Paule
245
0
_a
Guide du MusÃe des Beaux-Arts de Marseille
264
_b
Ville de Marseille
942
_c
LIB
999
_c
13464
_d
13464